Catálogo

ADVANCED DIGITAL PHOTOGRAPHY (Registro nro. 50175)

Detalles MARC
000 -LEADER
fixed length control field 00650nam a2200193 a 4500
001 - CONTROL NUMBER
control field 50175
005 - DATE AND TIME OF LATEST TRANSACTION
control field 20180714035139.0
008 - FIXED-LENGTH DATA ELEMENTS--GENERAL INFORMATION
fixed length control field 140415s2003 cc 000 0 eng d
020 ## - INTERNATIONAL STANDARD BOOK NUMBER
International Standard Book Number 1840006838
041 ## - LANGUAGE CODE
Language code of text/sound track or separate title eng
082 ## - DEWEY DECIMAL CLASSIFICATION NUMBER
Classification number 770
Item number ANG
245 00 - TITLE STATEMENT
Title ADVANCED DIGITAL PHOTOGRAPHY
250 ## - EDITION STATEMENT
Edition statement 1a ed.
260 ## - PUBLICATION, DISTRIBUTION, ETC.
Place of publication, distribution, etc. CHINA :
Name of publisher, distributor, etc. OCTOPUS PUBLISHING GROUP LTD.,
Date of publication, distribution, etc. 2003
300 ## - PHYSICAL DESCRIPTION
Extent 189
Dimensions 23.6 x 1.7 x 28.7
520 ## - SUMMARY, ETC.
Summary, etc. ADVANCED DIGITAL PHOTOGRAPHY ES UNA GUIA AMIGABLEQUE VA A AYUDAR A CUALQUIER FOTOGRAFO DIGITAL AQUE OBTENGA CALIDAD Y RESULTADOS PROFESIONALES.
650 14 - SUBJECT ADDED ENTRY--TOPICAL TERM
Topical term or geographic name entry element FOTOGRAFIA DIGITALIZADA
700 1# - ADDED ENTRY--PERSONAL NAME
Personal name ANG, TOM
Relator term coaut.
Existencias
Withdrawn status Lost status Source of classification or shelving scheme Damaged status Not for loan Collection code Home library Current library Shelving location Date acquired Source of acquisition Inventory number Total Checkouts Full call number Barcode Date last seen Date last checked out Price effective from Koha item type
    Dewey Decimal Classification     General Biblioteca Karol Wojtyla Biblioteca Karol Wojtyla Sala general 03/12/2013 Compra 151000000000000000022793   770 ANG 74901 05/01/2026 17/09/2015 03/12/2013 Libro